Countries Under a Million Quiz Stats

Quiz Updated Nov 11, 2016

Challenge
Share
Tweet
Embed
Score 0/41 Timer 10:00
7 Plays Today
Population Country % Correct
1,000???
72.7%
32,285???
57%
30,581???
56.5%
85,660???
53.1%
37,937???
50.2%
9,591???
46.3%
21,347???
42.7%
10,959???
42.7%
277,554???
40.6%
915,303???
40.5%
582,291???
40.4%
73,376???
37.9%
52,329???
37.1%
106,925???
37%
198,926???
36.3%
106,513???
36%
415,196???
35.5%
635,027???
33.6%
102,350???
33.2%
164,464???
32.9%
104,719???
32.6%
Population Country % Correct
111,219???
28.8%
93,186???
28.2%
291,495???
27.9%
93,581???
27.3%
335,878???
26.7%
392,960???
25.7%
73,757???
25.3%
794,678???
23.9%
197,541???
21.7%
327,316???
20.9%
553,432???
19.4%
436,620???
15.3%
353,858???
13%
585,824???
11.5%
735,909???
10.8%
750,125???
10.7%
644,578???
9%
846,687???
8.4%
759,451???
6.5%
✖MINE✖???
6.1%

You're not logged in!

Compare scores with friends on all Sporcle quizzes.
Sign Up with Email
OR
Log In

You Might Also Like...

Show Comments

Extras

Top Quizzes Today


Score Distribution

Your Account Isn't Verified!

In order to create a playlist on Sporcle, you need to verify the email address you used during registration. Go to your Sporcle Settings to finish the process.